| 000 | 00539nam a22001817a 4500 | ||
|---|---|---|---|
| 005 | 20150825145804.0 | ||
| 010 | _aENG-113895 | ||
| 020 |
_a9788125052586 _c65.00 |
||
| 035 | _aEN-97427 | ||
| 037 | _bDBAD/PUB | ||
| 245 |
_aPractising english workbook 2013-14 / _cedited by M.S.Nagaraja Rao [and] D.S. Manjunatha |
||
| 260 |
_aHyderabad _bOrient BlackSwan _c2013 |
||
| 270 |
_a3-6-752 Himayatnagar, _bHyderabad _e500029 |
||
| 300 |
_a117p. _c25cm(pbk) |
||
| 700 | _aRao, M.S. Nagaraja | ||
| 700 | _aManjunatha, D.S. | ||
| 942 |
_2ddc _cEN _mPRA |
||
| 999 |
_c96470 _d96470 |
||